000 00642nam a22001817a 4500
005 20260427134338.0
008 250717b |||||||| |||| 00| 0 eng d
020 _a978-1-80041-348-1
050 _aP 40 .D 43 2022
100 _aEDITED BY: SINFREE MAKONI
245 _aDECOLONIAL VOICES, LANGUAGE AND RACE
260 _aBRISTOL,
_bMULTILINGUAL MATTTERS,
_c2022,
300 _aIX,118 P. ILL
500 _aINCLUDES BIBLIOGRAPHICAL REFERENCES AND INDEX
650 _a1. Sociolinguistic 2. Decolonization 3.Education, Higher-Social aspects
700 _aEDITORS: MAGDA MADANY-SAA, BASSEY E. ANITA, RAFAEL LOMEU GOMES
942 _2lcc
_cBK
999 _c215926
_d215926